LEADER 01020nam a2200277 i 4500 001 991000478469707536 008 040217s2003 it 000 f ita 020 $a8497892046 035 $ab12622552-39ule_inst 040 $aBiblioteca Interfacoltà$cita 082 04$a813.52 100 1 $aDos Passos, John$0196065 245 10$aManhattan transfer /$cJohn Dos Passos ; traduzione di Alessandra Scalero 246 13$aManhattan transfer 260 $aRoma :$bLa biblioteca di Repubblica,$cc2003 300 $a379 p. ;$c22 cm. 440 3$aLa biblioteca di Repubblica.$pNovecento ;$v102 500 $aSuppl. a: La Repubblica 500 $aTit. orig.: Manhattan transfer 700 1 $aScalero, Alessandra 907 $a.b12622552$b02-04-14$c17-02-04 912 $a991000478469707536 945 $aLE002 Lett. III H 12$g1$i2002000245878 $lle002$o-$pE0.00$q-$rl$s- $t0$u1$v0$w1$x0$y.i1310861x$z17-02-04 996 $aManhattan transfer$9179844 997 $aUNISALENTO 998 $ale002$b17-02-04$cm$da $e-$fita$git $h0$i0